|
|
|
|
| LEADER |
00000naa a22000002c 4500 |
| 001 |
1940073804 |
| 003 |
DE-627 |
| 005 |
20251103132947.0 |
| 007 |
cr uuu---uuuuu |
| 008 |
251103s2025 xx |||||o 00| ||eng c |
| 024 |
7 |
|
|a 10.1007/s10940-025-09600-2
|2 doi
|
| 035 |
|
|
|a (DE-627)1940073804
|
| 035 |
|
|
|a (DE-599)KXP1940073804
|
| 040 |
|
|
|a DE-627
|b ger
|c DE-627
|e rda
|
| 041 |
|
|
|a eng
|
| 084 |
|
|
|a 2,1
|2 ssgn
|
| 100 |
1 |
|
|a Boggess, Lyndsay N.
|e VerfasserIn
|0 (DE-588)1211611140
|0 (DE-627)1700171658
|0 (DE-576)30777273X
|4 aut
|
| 109 |
|
|
|a Boggess, Lyndsay N.
|a Boggess, Lyndsay Nicole
|a Boggess, Lyndsay
|
| 245 |
1 |
0 |
|a Racial and Temporal Barriers in the Journey to Crime for Black and White Drug Suspects
|
| 264 |
|
1 |
|c 2025
|
| 336 |
|
|
|a Text
|b txt
|2 rdacontent
|
| 337 |
|
|
|a Computermedien
|b c
|2 rdamedia
|
| 338 |
|
|
|a Online-Ressource
|b cr
|2 rdacarrier
|
| 700 |
1 |
|
|a Chamberlain, Alyssa W.
|e VerfasserIn
|0 (DE-588)1211357961
|0 (DE-627)1699158525
|0 (DE-576)365013153
|4 aut
|
| 700 |
1 |
|
|a Reeds, Carl
|e VerfasserIn
|4 aut
|
| 773 |
0 |
8 |
|i Enthalten in
|t Journal of quantitative criminology
|d New York, NY [u.a.] : Springer Science + Business Media B.V., 1985
|g 41(2025), 3, Seite 315-342
|h Online-Ressource
|w (DE-627)320578003
|w (DE-600)2017241-2
|w (DE-576)104082321
|x 1573-7799
|7 nnas
|
| 773 |
1 |
8 |
|g volume:41
|g year:2025
|g number:3
|g pages:315-342
|
| 856 |
4 |
0 |
|u https://doi.org/10.1007/s10940-025-09600-2
|x Resolving-System
|z lizenzpflichtig
|3 Volltext
|7 1
|
| 951 |
|
|
|a AR
|
| ELC |
|
|
|a 1
|
| LOK |
|
|
|0 000 xxxxxcx a22 zn 4500
|
| LOK |
|
|
|0 001 4795764808
|
| LOK |
|
|
|0 003 DE-627
|
| LOK |
|
|
|0 004 1940073804
|
| LOK |
|
|
|0 005 20251103132947
|
| LOK |
|
|
|0 008 251103||||||||||||||||ger|||||||
|
| LOK |
|
|
|0 040
|a DE-2619
|c DE-627
|d DE-2619
|
| LOK |
|
|
|0 092
|o n
|
| LOK |
|
|
|0 852
|a DE-2619
|
| LOK |
|
|
|0 852 1
|9 00
|
| LOK |
|
|
|0 935
|a krzo
|
| LOK |
|
|
|0 939
|a 03-11-25
|b l01
|
| ORI |
|
|
|a SA-MARC-krimdoka001.raw
|